000 00406nam a2200181Ia 4500
005 20240823005717.0
008 240823s9999||||xx |||||||||||||| ||und||
041 _aENGLISH
082 _A413.1 N8
100 _aWebster
245 0 _aWebster s Pocket Thesaurus
250 _a1st
260 _c1998
_b"Trident,USA"
500 _aTransfered
650 _aENG
_bEnglish
942 _cBK
999 _c156504
_d156504